| 000 | 00497cam a22002051 4500 | ||
|---|---|---|---|
| 001 | sa 65007451 | ||
| 003 | DLC | ||
| 005 | 20260227112148.0 | ||
| 008 | 820908s1960 xx c 000 0 hin | ||
| 010 | _asa 65007451 | ||
| 035 | _a(OCoLC)16763487 | ||
| 040 |
_aDLC _cOrPS _dDLC |
||
| 042 | _apremarc | ||
| 050 | 0 | 0 |
_aPK2098.B22 _bH3 |
| 100 | 1 |
_aBaccana, _d1907-2003. |
|
| 245 | 1 | 0 | _aHarivaṃśarāya ʻBaccanaʼ. |
| 260 | _c[1960] | ||
| 300 |
_a139 p. _bport. _c19 cm. |
||
| 500 | _aRomanized. | ||
| 999 |
_c65158 _d65158 |
||